Dictionary of world biography / (Record no. 57421)
[ view plain ]
| 000 -LEADER | |
|---|---|
| fixed length control field | 01608cam a2200409 i 4500 |
| 003 - CONTROL NUMBER IDENTIFIER | |
| control field | PHURS |
| 005 - DATE AND TIME OF LATEST TRANSACTION | |
| control field | 20221125083353.0 |
| 008 - FIXED-LENGTH DATA ELEMENTS--GENERAL INFORMATION | |
| fixed length control field | 180501t20182018aca od 000 0beng d |
| 040 ## - CATALOGING SOURCE | |
| Original cataloging agency | ANV |
| Language of cataloging | eng |
| Description conventions | pn |
| Transcribing agency | ANV |
| Modifying agency | JSTOR |
| -- | ICN |
| -- | ERL |
| -- | OCLCQ |
| -- | OCLCO |
| -- | LOA |
| -- | MERER |
| -- | YDX |
| -- | EZ9 |
| -- | U3W |
| -- | OCLCQ |
| -- | OCLCO |
| 020 ## - INTERNATIONAL STANDARD BOOK NUMBER | |
| International Standard Book Number | 9781760462192 |
| Qualifying information | (electronic bk.) |
| 020 ## - INTERNATIONAL STANDARD BOOK NUMBER | |
| International Standard Book Number | 1760462195 |
| Qualifying information | (electronic bk.) |
| 020 ## - INTERNATIONAL STANDARD BOOK NUMBER | |
| Canceled/invalid ISBN | 9781760462185 |
| 020 ## - INTERNATIONAL STANDARD BOOK NUMBER | |
| Canceled/invalid ISBN | 1760462187 |
| 050 #4 - LIBRARY OF CONGRESS CALL NUMBER | |
| Classification number | CT103 |
| Item number | .J65 2017eb |
| 100 1# - MAIN ENTRY--PERSONAL NAME | |
| Personal name | Jones, Barry O., |
| Relator term | author. |
| 245 10 - TITLE STATEMENT | |
| Title | Dictionary of world biography / |
| Statement of responsibility, etc. | Barry Jones. |
| 250 ## - EDITION STATEMENT | |
| Edition statement | Fifth edition. |
| 264 #1 - PRODUCTION, PUBLICATION, DISTRIBUTION, MANUFACTURE, AND COPYRIGHT NOTICE | |
| Place of production, publication, distribution, manufacture | Acton, A.C.T. : |
| Name of producer, publisher, distributor, manufacturer | ANU Press, |
| Date of production, publication, distribution, manufacture, or copyright notice | 2018. |
| 264 #4 - PRODUCTION, PUBLICATION, DISTRIBUTION, MANUFACTURE, AND COPYRIGHT NOTICE | |
| Date of production, publication, distribution, manufacture, or copyright notice | ©2018 |
| 300 ## - PHYSICAL DESCRIPTION | |
| Extent | 1 online resource (xiv, 938 pages) |
| 336 ## - CONTENT TYPE | |
| Content type term | text |
| Content type code | txt |
| Source | rdacontent |
| 337 ## - MEDIA TYPE | |
| Media type term | computer |
| Media type code | c |
| Source | rdamedia |
| 338 ## - CARRIER TYPE | |
| Carrier type term | online resource |
| Carrier type code | cr |
| Source | rdacarrier |
| 490 1# - SERIES STATEMENT | |
| Series statement | ANU. Lives series in biography |
| 590 ## - LOCAL NOTE (RLIN) | |
| Local note | JSTOR |
| Provenance (VM) [OBSOLETE] | Books at JSTOR Open Access |
| 650 #0 - SUBJECT ADDED ENTRY--TOPICAL TERM | |
| Topical term or geographic name entry element | Biography |
| Form subdivision | Dictionaries. |
| 650 #7 - SUBJECT ADDED ENTRY--TOPICAL TERM | |
| Topical term or geographic name entry element | BIOGRAPHY & AUTOBIOGRAPHY |
| General subdivision | Reference. |
| 650 #7 - SUBJECT ADDED ENTRY--TOPICAL TERM | |
| Topical term or geographic name entry element | Biography. |
| 655 #4 - INDEX TERM--GENRE/FORM | |
| Genre/form data or focus term | Electronic books. |
| 655 #7 - INDEX TERM--GENRE/FORM | |
| Genre/form data or focus term | Dictionaries. |
| 710 2# - ADDED ENTRY--CORPORATE NAME | |
| Corporate name or jurisdiction name as entry element | Australian National University Press. |
| Authority record control number or standard number | http://id.loc.gov/authorities/names/nb2018017990 |
| 776 08 - ADDITIONAL PHYSICAL FORM ENTRY | |
| Relationship information | Print version: |
| Main entry heading | Jones, Barry O. |
| Title | Dictionary of world biography. |
| Edition | Fifth edition. |
| Place, publisher, and date of publication | Acton, A.C.T. : ANU Press, 2018 |
| International Standard Book Number | 9781760462185 |
| -- | 1760462187 |
| Record control number | (OCoLC)1033545149 |
| 830 #0 - SERIES ADDED ENTRY--UNIFORM TITLE | |
| Uniform title | ANU.Lives series in biography. |
| Authority record control number or standard number | http://id.loc.gov/authorities/names/no2012142559 |
| 856 40 - ELECTRONIC LOCATION AND ACCESS | |
| Uniform Resource Identifier | <a href="https://www.jstor.org/stable/10.2307/j.ctv1rmjj8">https://www.jstor.org/stable/10.2307/j.ctv1rmjj8</a> |
| 942 ## - ADDED ENTRY ELEMENTS (KOHA) | |
| Source of classification or shelving scheme | Library of Congress Classification |
| Koha item type | E-Book |
| 994 ## - | |
| -- | 92 |
| -- | PHURS |
| Withdrawn status | Source of classification or shelving scheme | Damaged status | Not for loan | Home library | Current library | Date acquired | Total Checkouts | Date last seen | Price effective from | Koha item type |
|---|---|---|---|---|---|---|---|---|---|---|
| Library of Congress Classification | JSTOR Open Access Books | JSTOR Open Access Books | 05/22/2022 | 05/22/2022 | 05/22/2022 | E-Book |